[Event "TCh-TUR 2011"]
[Site "Konya TUR"]
[Date "2011.07.02"]
[Round "5"]
[White "Abdimanoglu, Beste Basak"]
[Black "Sop, Selen"]
[Result "0-1"]
[BlackTitle "WCM"]
[WhiteElo "1751"]
[BlackElo "1995"]
[WhiteTeam "Deniz Genclik S.K."]
[BlackTeam "Adana Truva Satranc S.K."]
[WhiteFideId "6300286"]
[BlackFideId "6300278"]
[EventDate "2011.06.28"]

1. c4 e5 2. d3 Nf6 3. g3 d5 4. cxd5 Nxd5 5. Nf3 Nc6 6. Bg2 Be7 7. Nc3 Nb6 8. O-O
O-O 9. Be3 f6 10. Rc1 Be6 11. Ne4 Rb8 12. Bc5 f5 13. Bxe7 Qxe7 14. Nc5 Bxa2 15.
Nxb7 Rxb7 16. Rxc6 Bd5 17. Rc3 c6 18. Re1 e4 19. dxe4 fxe4 20. Nd2 Qb4 21. Re3
Qxb2 22. Nxe4 Nc4 23. Rf3 Rxf3 24. exf3 Qb4 25. Ng5 Re7 26. Ne4 a5 27. f4 Nb2
28. Qb1 Nd3 29. Qxb4 Nxb4 30. Re3 Bxe4 31. Bxe4 Kf8 32. f3 h6 33. Rc3 Ra7 34.
Rc4 Ke7 35. g4 Kd6 36. h4 Nd5 37. f5 a4 38. g5 a3 39. Rc1 a2 40. Ra1 hxg5 41.
hxg5 c5 42. f6 gxf6 43. g6 Nc3 44. Kf2 Ke5 45. Ke3 Nxe4 46. fxe4 Ra3+ 47. Kf2
Ke6 48. Kg2 Ke7 49. Kf2 Kf8 50. Kg2 Kg7 51. Kf2 c4 52. Ke2 Kxg6 53. Kd2 Kg5 54.
Kc2 c3 55. Kd3 Kf4 0-1

[Event "TCh-TUR 2011"]
[Site "Konya TUR"]
[Date "2011.07.02"]
[Round "5"]
[White "Yuksel, Atilla Koksal"]
[Black "Ererdem, Gani Eren"]
[Result "1-0"]
[WhiteTitle "CM"]
[WhiteElo "2035"]
[BlackElo "1996"]
[WhiteTeam "Adana Truva Satranc S.K."]
[BlackTeam "Deniz Genclik S.K."]
[WhiteFideId "6306667"]
[BlackFideId "6310915"]
[EventDate "2011.06.28"]

1. e4 c5 2. Nf3 Nf6 3. Nc3 Nc6 4. d4 d5 5. exd5 Nxd5 6. Nxd5 Qxd5 7. Be3 cxd4 8.
Nxd4 a6 9. c3 e5 10. Qb3 Qxb3 11. Nxb3 Be7 12. Bc4 O-O 13. O-O Bf5 14. Rad1 Rfd8
15. Bd5 Rac8 16. Rd2 g6 17. Rfd1 Kg7 18. f3 h5 19. Kf2 Rd7 20. g3 Nd8 21. Na5 b5
22. Ke2 Bc5 23. Bxc5 Rxc5 24. Be4 Rxd2+ 25. Rxd2 Bxe4 26. fxe4 Rc8 27. Rd5 f6
28. Rd7+ Kh6 29. Rd6 Kg5 30. Kf3 b4 31. cxb4 Nf7 32. h4+ Kh6 33. Rxf6 Kg7 34.
Rxa6 Rc2 35. b5 Nh6 36. Ke3 Rxb2 37. b6 Nf7 38. b7 Nd8 39. Ra8 Nxb7 40. Ra7 Rxa2
41. Rxb7+ Kf6 42. Nc4 1-0

[Event "TCh-TUR 2011"]
[Site "Konya TUR"]
[Date "2011.07.02"]
[Round "5"]
[White "Erdogan, Hakan"]
[Black "Pantsulaia, Levan"]
[Result "0-1"]
[WhiteTitle "FM"]
[BlackTitle "GM"]
[WhiteElo "2235"]
[BlackElo "2613"]
[WhiteTeam "Istanbul Teknik Universitesi S.K."]
[BlackTeam "Isek Aquamatch S.K."]
[WhiteFideId "6300359"]
[BlackFideId "13602071"]
[EventDate "2011.06.28"]

1. d4 Nf6 2. c4 e6 3. Nc3 c5 4. d5 exd5 5. cxd5 d6 6. e4 g6 7. Nf3 a6 8. a4 Bg4
9. Qb3 Bxf3 10. gxf3 Qc7 11. Be2 Bg7 12. O-O O-O 13. f4 Nbd7 14. Be3 Rfe8 15.
Bf3 Rab8 16. Qc4 Qa5 17. b3 Nh5 18. Rfc1 Qd8 19. Bxh5 gxh5 20. Qe2 Qh4 21. f3 f5
22. Qg2 Kh8 23. Ne2 Bxa1 24. Rxa1 Rg8 25. Ng3 Qf6 26. Rc1 h4 27. Bd2 hxg3 0-1

[Event "TCh-TUR 2011"]
[Site "Konya TUR"]
[Date "2011.07.02"]
[Round "5"]
[White "Asikuzun, Berkay"]
[Black "Ozen, Bahadir"]
[Result "1/2-1/2"]
[WhiteElo "1842"]
[BlackElo "1751"]
[WhiteTeam "Istanbul Teknik Universitesi S.K."]
[BlackTeam "Isek Aquamatch S.K."]
[WhiteFideId "6309364"]
[BlackFideId "6337058"]
[EventDate "2011.06.28"]

1. e4 e5 2. Nf3 Nc6 3. Bb5 a6 4. Ba4 Nf6 5. O-O Be7 6. Re1 b5 7. Bb3 d6 8. c3
O-O 9. h3 Na5 10. Bc2 c5 11. d4 Qc7 12. Nbd2 cxd4 13. cxd4 Nc6 14. Nb3 a5 15.
Be3 a4 16. Nbd2 Bd7 17. Rc1 Qb7 18. Qe2 Rfe8 19. a3 Bd8 20. dxe5 Nxe5 21. Nxe5
dxe5 22. Bd3 Bb6 23. Nf3 Nh5 24. Rc2 Bxe3 25. Qxe3 f6 26. Rec1 Rac8 27. Nd2 Nf4
28. Nb1 Ne6 29. Rxc8 Rxc8 30. Rxc8+ Bxc8 31. Qc1 Bd7 32. Qc3 Nf4 33. Nd2 Bc6 34.
Bf1 Ne6 35. b3 Nd4 36. bxa4 bxa4 37. Qc5 g6 38. f3 Kg7 39. Nc4 Ne6 40. Qd6 Qd7
41. Qxd7+ Bxd7 42. Nb6 Bc6 43. Kf2 Nd4 44. Bd3 Kf7 45. Ke3 Bb5 46. Bxb5 Nxb5 47.
Nxa4 Nxa3 48. Nc5 Nc2+ 49. Kf2 Nd4 50. g3 g5 51. Nd3 Ke6 52. Ke3 Nc2+ 53. Kd2
Nd4 54. Ke3 Nc2+ 1/2-1/2

[Event "TCh-TUR 2011"]
[Site "Konya TUR"]
[Date "2011.07.02"]
[Round "5"]
[White "Yigit, Aleyna"]
[Black "Yolal, Sena Gokcen"]
[Result "1-0"]
[WhiteElo "1732"]
[BlackElo "1653"]
[WhiteTeam "Isek Aquamatch S.K."]
[BlackTeam "Istanbul Teknik Universitesi S.K."]
[WhiteFideId "6300235"]
[BlackFideId "6337031"]
[EventDate "2011.06.28"]

1. e4 d5 2. exd5 Qxd5 3. d4 Nf6 4. Nc3 Qa5 5. Bc4 c6 6. Bd2 Bf5 7. Nd5 Qd8 8.
Ne3 Bg6 9. Nf3 e6 10. c3 Bd6 11. Nf1 Nbd7 12. Ng3 Qc7 13. Qe2 O-O-O 14. a4 Nd5
15. Ne4 Bxe4 16. Qxe4 N7f6 17. Qc2 Nf4 18. O-O g5 19. Rfe1 Kb8 20. b4 Nd7 21.
Be3 g4 22. Nd2 Nd5 23. g3 Nxe3 24. Rxe3 e5 25. Nb3 exd4 26. Nxd4 Ne5 27. Bf1 Qd7
28. Rd1 Qc7 29. Nf5 Nf3+ 30. Kh1 Be5 31. Be2 Rxd1+ 32. Bxd1 Qd7 33. Bxf3 gxf3
34. Rxe5 Rd8 35. Re1 1-0

[Event "TCh-TUR 2011"]
[Site "Konya TUR"]
[Date "2011.07.02"]
[Round "5"]
[White "Komut, Kaan"]
[Black "Ciloglu, Dogu"]
[Result "1-0"]
[WhiteElo "1917"]
[BlackElo "1770"]
[WhiteTeam "Celikkol Turizm Pamukkale Universitesi S.K."]
[BlackTeam "Manisa Doruk Koleji S.K."]
[WhiteFideId "6309992"]
[BlackFideId "6309607"]
[EventDate "2011.06.28"]

1. e4 c5 2. Nf3 Nc6 3. d4 cxd4 4. Nxd4 g6 5. Nxc6 bxc6 6. Bd3 Bg7 7. O-O Nf6 8.
Nd2 O-O 9. Rb1 d5 10. b3 dxe4 11. Nxe4 Nxe4 12. Bxe4 Ba6 13. c4 Rc8 14. Qf3 Qc7
15. Bb2 e5 16. Rfd1 f5 17. Bc2 e4 18. Qe2 Rcd8 19. Bxg7 Kxg7 20. Qe3 c5 21. Qc3+
Kg8 22. a3 Qc6 23. b4 cxb4 24. axb4 Bb7 25. c5 a6 26. Bb3+ 1-0

[Event "TCh-TUR 2011"]
[Site "Konya TUR"]
[Date "2011.07.02"]
[Round "5"]
[White "Patel, Yesim"]
[Black "Morgul, Elcin"]
[Result "1/2-1/2"]
[WhiteElo "1804"]
[BlackElo "1723"]
[WhiteTeam "Manisa Doruk Koleji S.K."]
[BlackTeam "Celikkol Turizm Pamukkale Universitesi S.K."]
[WhiteFideId "6300200"]
[BlackFideId "6300251"]
[EventDate "2011.06.28"]

1. e4 c5 2. Nf3 d6 3. d4 cxd4 4. Qxd4 a6 5. c4 Nc6 6. Qe3 g6 7. h3 Bg7 8. Be2
Qc7 9. O-O Nf6 10. Rd1 O-O 11. Nc3 Bd7 12. Rb1 Rac8 13. b3 Qa5 14. Bb2 Rfe8 15.
Na4 b5 16. Nb6 Rb8 17. c5 Be6 18. b4 Nxb4 19. Bc3 dxc5 20. Nd5 Nbxd5 21. exd5
Nxd5 22. Bxa5 Nxe3 23. fxe3 Bxa2 24. Rbc1 Rec8 25. Rd2 Bb3 26. Rd7 Bf6 27. Ra7
Rc6 1/2-1/2

[Event "TCh-TUR 2011"]
[Site "Konya TUR"]
[Date "2011.07.02"]
[Round "5"]
[White "Soysal, Serkan"]
[Black "Ozcan, Kerem"]
[Result "1/2-1/2"]
[WhiteElo "1795"]
[BlackElo "1578"]
[WhiteTeam "Celikkol Turizm Pamukkale Universitesi S.K."]
[BlackTeam "Manisa Doruk Koleji S.K."]
[WhiteFideId "6349250"]
[BlackFideId "6310486"]
[EventDate "2011.06.28"]

1. e4 c5 2. Nf3 e6 3. d4 cxd4 4. Nxd4 Nf6 5. Nc3 Nc6 6. a3 Be7 7. Nxc6 bxc6 8.
e5 Nd5 9. Ne4 Qc7 10. f4 Qb6 11. Qf3 f5 12. Nf2 Bc5 13. Bd3 Ba6 14. Nd1 O-O 15.
c4 Qb3 16. cxd5 Bxd3 17. Nf2 Bxf2+ 18. Kxf2 Qc2+ 19. Kg3 Be4 20. Qf2 Qb3+ 21.
Qe3 Qxd5 22. Qe2 Rab8 23. b4 a5 24. Rd1 Qb3+ 25. Be3 axb4 26. axb4 Bd5 27. Rdb1
Qc3 28. Qd2 Qc4 29. Bc5 Rf7 30. Rc1 Qe4 31. Re1 Qc4 32. Rec1 Qb5 33. Ra5 Qb7 34.
Ra7 Qb5 35. Ra5 Qb7 36. Ra7 Qb5 1/2-1/2

[Event "TCh-TUR 2011"]
[Site "Konya TUR"]
[Date "2011.07.02"]
[Round "6"]
[White "Sirin, Atakan"]
[Black "Soylu, Suat"]
[Result "1-0"]
[BlackTitle "IM"]
[WhiteElo "2230"]
[BlackElo "2416"]
[WhiteTeam "Manisa Doruk Koleji S.K."]
[BlackTeam "Gazi Universitesi S.K."]
[WhiteFideId "6303307"]
[BlackFideId "6300065"]
[EventDate "2011.06.28"]

1. d4 d5 2. Nc3 Bf5 3. f3 e6 4. e4 Bg6 5. exd5 exd5 6. Qe2+ Be7 7. Bg5 Nc6 8.
O-O-O Qd7 9. h4 h6 10. Bf4 a6 11. g3 O-O-O 12. Bh3 Bf5 13. Bxf5 Qxf5 14. Qh2 Qd7
15. Nge2 Nf6 16. g4 Bb4 17. Rd3 Rhe8 18. Ng3 Ne7 19. Be5 Bd6 20. Re1 Nfg8 21.
Nh5 g6 22. Ng7 Rf8 23. Rde3 Bb4 24. a3 Ba5 25. Bf4 Nc6 26. Qd2 Bb6 27. Rd3 Na5
28. Bxh6 Nc4 29. Qg5 Nxh6 30. Qxh6 Qd6 31. h5 Qf6 32. hxg6 fxg6 33. Re6 Qf7 34.
Qxg6 Qf4+ 35. Kb1 Nd2+ 36. Ka2 Nxf3 37. Nf5 Nh2 38. Ne7+ Kb8 39. Nexd5 Qxg4 40.
Nxb6 cxb6 41. Qxg4 Nxg4 42. Rxb6 Rf2 43. Rg6 Rf4 44. Rg3 Nf6 45. Ne2 Rf2 46. Rg2
Rf1 47. c3 Ka7 48. Rg1 Rf2 49. R6g2 Rf3 50. Nc1 Ne4 51. Re2 Nd6 52. Rg7 Nf5 53.
Rh7 Rd6 54. Nb3 Rb6 55. Na5 Ne3 56. Rxe3 1-0

[Event "TCh-TUR 2011"]
[Site "Konya TUR"]
[Date "2011.07.02"]
[Round "6"]
[White "Koksal, Ege"]
[Black "Diril, Dogus"]
[Result "1/2-1/2"]
[WhiteElo "2004"]
[BlackElo "1612"]
[WhiteTeam "Gazi Universitesi S.K."]
[BlackTeam "Manisa Doruk Koleji S.K."]
[WhiteFideId "6317626"]
[BlackFideId "6324240"]
[EventDate "2011.06.28"]

1. d4 d5 2. c4 e6 3. Nc3 Nf6 4. Nf3 Nbd7 5. Bg5 Be7 6. e3 O-O 7. cxd5 exd5 8.
Bd3 c6 9. O-O Re8 10. Qc2 Nf8 11. Ne5 Ng4 12. Bxe7 Qxe7 13. Nxg4 Bxg4 14. Rab1
Bh5 15. b4 Red8 16. Rfc1 Rac8 17. Bf5 Bg6 18. b5 c5 19. Bxg6 hxg6 20. dxc5 Rxc5
21. Qd2 Ne6 22. Ne2 Rdc8 23. Rxc5 Rxc5 24. Nc3 Qd7 25. Rd1 d4 26. exd4 Qxd4 27.
Qxd4 Nxd4 28. Rxd4 Rxc3 29. g3 Ra3 30. Rd8+ Kh7 31. Rd7 f6 32. Rxb7 Rxa2 1/2-1/2

[Event "TCh-TUR 2011"]
[Site "Konya TUR"]
[Date "2011.07.02"]
[Round "6"]
[White "Erturan, Yakup"]
[Black "Durarbeyli, Vasif"]
[Result "1/2-1/2"]
[WhiteTitle "IM"]
[BlackTitle "GM"]
[WhiteElo "2346"]
[BlackElo "2511"]
[WhiteTeam "Manisa Doruk Koleji S.K."]
[BlackTeam "Gazi Universitesi S.K."]
[WhiteFideId "6301410"]
[BlackFideId "13402935"]
[EventDate "2011.06.28"]

1. c4 e5 2. Nc3 Nc6 3. g3 g6 4. Bg2 Bg7 5. e3 d6 6. Nge2 Nge7 7. d4 exd4 8. exd4
O-O 9. O-O Nf5 10. d5 Ne5 11. b3 a5 12. Bb2 Re8 13. Nf4 Bd7 14. a4 h5 15. h3 Qb8
16. Kh1 Re7 17. Qd2 Qa7 18. Nb5 Bxb5 19. axb5 b6 20. Qc2 Nd7 21. Bxg7 Nxg7 22.
h4 Qb8 23. Rfe1 Qf8 24. Bh3 Rae8 25. Nd3 Rxe1+ 26. Rxe1 Rxe1+ 27. Nxe1 Nc5 28.
Nd3 Qe7 29. Nxc5 dxc5 30. Kh2 Qe1 31. Bd7 Qe7 32. Bh3 Ne8 33. Bf1 Nd6 34. Bd3
Kg7 35. Qc3+ Qf6 36. Qc2 Qd4 37. Kg2 Ne8 38. Be2 Qe5 39. Kg1 Kf8 40. Kg2 Ke7 41.
Kg1 Nf6 42. Bf3 Ng8 43. Qc1 Kf6 44. Bg2 Kg7 45. Qd2 Qa1+ 46. Kh2 Nf6 47. Bf3 Qd4
48. Qc2 Nd7 49. Kg2 Ne5 50. Be2 f5 51. f4 Nf7 52. Bf3 Nd6 53. Qe2 Ne4 54. Bxe4
fxe4 55. f5 gxf5 1/2-1/2

[Event "TCh-TUR 2011"]
[Site "Konya TUR"]
[Date "2011.07.02"]
[Round "6"]
[White "Dastan, Batuhan"]
[Black "Ozcan, Kerem"]
[Result "1-0"]
[WhiteElo "2191"]
[BlackElo "1578"]
[WhiteTeam "Gazi Universitesi S.K."]
[BlackTeam "Manisa Doruk Koleji S.K."]
[WhiteFideId "6300014"]
[BlackFideId "6310486"]
[EventDate "2011.06.28"]

1. e4 c5 2. Nf3 e6 3. c4 Nc6 4. d4 cxd4 5. Nxd4 Nf6 6. Nc3 Bb4 7. Nxc6 bxc6 8.
Bd3 Bxc3+ 9. bxc3 d5 10. cxd5 exd5 11. e5 Nd7 12. Qh5 Nc5 13. Bc2 Ba6 14. Ba3
Qa5 15. Bb4 Qb5 16. O-O-O Bc8 17. e6 Bxe6 18. Rhe1 O-O-O 19. Qe5 g6 20. Qd4 Nb7
21. Be7 Rde8 22. Bf6 Rhg8 23. Qxa7 Qa5 24. Qxa5 Nxa5 25. h3 Nc4 26. g4 Kc7 27.
Re2 Ra8 28. Bd3 Ra3 29. f4 Rga8 30. f5 gxf5 31. gxf5 Bd7 32. Bxc4 dxc4 33. Re7
Rd8 34. Rxf7 Rxa2 35. Bxd8+ Kxd8 36. Rdxd7+ 1-0

[Event "TCh-TUR 2011"]
[Site "Konya TUR"]
[Date "2011.07.02"]
[Round "6"]
[White "Kasimdzhanov, Rustam"]
[Black "Galkin, Alexander"]
[Result "1/2-1/2"]
[WhiteTitle "GM"]
[BlackTitle "GM"]
[WhiteElo "2685"]
[BlackElo "2598"]
[WhiteTeam "Isek Aquamatch S.K."]
[BlackTeam "Celikkol Turizm Pamukkale Universitesi S.K."]
[WhiteFideId "14200244"]
[BlackFideId "4120426"]
[EventDate "2011.06.28"]

1. d4 d5 2. c4 e6 3. Nf3 c6 4. Nbd2 f5 5. g3 Nf6 6. Bg2 Bd6 7. O-O Nbd7 8. Qc2
Qe7 9. cxd5 cxd5 10. Nb1 Nb6 11. Nc3 Bd7 12. Qb3 O-O 13. Bf4 1/2-1/2

[Event "TCh-TUR 2011"]
[Site "Konya TUR"]
[Date "2011.07.02"]
[Round "6"]
[White "Yurtseven, Can"]
[Black "Reyhan, Dogan Heval"]
[Result "1/2-1/2"]
[WhiteTitle "FM"]
[BlackTitle "FM"]
[WhiteElo "2330"]
[BlackElo "2343"]
[WhiteTeam "Isek Aquamatch S.K."]
[BlackTeam "Celikkol Turizm Pamukkale Universitesi S.K."]
[WhiteFideId "6300081"]
[BlackFideId "6301290"]
[EventDate "2011.06.28"]

1. c4 e5 2. Nc3 Nf6 3. Nf3 Nc6 4. g3 d5 5. cxd5 Nxd5 6. Bg2 Nb6 7. O-O Be7 8. d3
O-O 9. Be3 Be6 10. a3 f6 11. Rc1 Qd7 12. Re1 Rfd8 13. Ne4 Nd5 14. Bc5 b6 15.
Bxe7 Ndxe7 16. Qc2 Rac8 17. b4 a5 18. Qb2 axb4 19. axb4 Nd4 20. Nfd2 Qb5 21. Nc3
Qd7 22. b5 Nd5 23. e3 Nxc3 24. Rxc3 Qxb5 25. Qa3 Nf5 26. Bc6 Qa5 27. Qxa5 bxa5
28. Ra1 Bd5 29. Bb5 c6 30. Ba6 Rb8 31. Kf1 Ne7 32. Rxa5 Rb2 33. Ke1 Ra8 34. e4
Bf7 35. Nc4 Rb1+ 36. Kd2 Rab8 37. Ne3 R1b2+ 38. Rc2 Rxc2+ 39. Kxc2 Ra8 40. Nc4
Be6 41. Kc3 Rb8 42. Nd2 Kf7 43. f4 exf4 44. gxf4 g6 45. Bc4 Bxc4 46. Nxc4 Ke6
47. Ra6 Rb1 48. d4 Rh1 49. d5+ Nxd5+ 50. exd5+ Kxd5 51. Kd3 Rxh2 52. Ra5+ Ke6
53. Rc5 Rh3+ 54. Ke4 Kd7 55. Na5 f5+ 56. Kd4 1/2-1/2

[Event "TCh-TUR 2011"]
[Site "Konya TUR"]
[Date "2011.07.02"]
[Round "6"]
[White "Salepci, Osman Firat"]
[Black "Zeytinoglu, Nasir Ekin"]
[Result "0-1"]
[WhiteElo "2154"]
[BlackElo "1970"]
[WhiteTeam "Celikkol Turizm Pamukkale Universitesi S.K."]
[BlackTeam "Isek Aquamatch S.K."]
[WhiteFideId "6302343"]
[BlackFideId "6310478"]
[EventDate "2011.06.28"]

1. e4 e5 2. Nf3 Nc6 3. Bc4 Nf6 4. d4 exd4 5. e5 d5 6. Bb5 Ne4 7. Nxd4 Bd7 8.
Bxc6 bxc6 9. O-O Bc5 10. f3 Ng5 11. f4 Ne4 12. Be3 O-O 13. Nd2 Nxd2 14. Qxd2 Re8
15. Nb3 Bb6 16. Rae1 Qc8 17. Qc3 Qa6 18. Kh1 Bf5 19. Rf3 Qc4 20. Bxb6 axb6 21.
Qxc4 dxc4 22. Nd4 Bd7 23. a3 c5 24. Ne2 Rad8 25. Ng3 Bc6 26. Rfe3 Rd2 27. R3e2
Red8 28. Kg1 c3 29. bxc3 Bb5 30. Rxd2 Rxd2 31. Ne4 Rxc2 32. Rd1 Kf8 33. Rd8+ Ke7
34. Rc8 Kd7 35. Rf8 Bc4 36. Ng5 Bd5 37. Nxf7 Ke7 38. Rc8 Rxg2+ 39. Kf1 Kxf7 40.
Rxc7+ Ke6 41. c4 Be4 42. Ra7 Rg4 43. Ke2 Rxf4 44. Rxg7 Kxe5 45. Re7+ Kd4 46. Re6
Rh4 47. Rxb6 Rxh2+ 48. Kf1 Ra2 49. Rb3 Bd3+ 50. Kg1 Kxc4 51. Rb7 Kc3 52. a4 Rxa4
53. Kf2 Re4 54. Kf3 Re8 55. Rb6 c4 56. Kf2 Kc2 0-1

[Event "TCh-TUR 2011"]
[Site "Konya TUR"]
[Date "2011.07.02"]
[Round "6"]
[White "Okus, Melih"]
[Black "Kazdagli, Benan"]
[Result "1-0"]
[WhiteElo "1893"]
[BlackElo "1868"]
[WhiteTeam "Celikkol Turizm Pamukkale Universitesi S.K."]
[BlackTeam "Isek Aquamatch S.K."]
[WhiteFideId "6305407"]
[BlackFideId "6309925"]
[EventDate "2011.06.28"]

1. Nf3 Nf6 2. g3 g6 3. Bg2 Bg7 4. O-O O-O 5. d4 d6 6. c4 c6 7. Nc3 Qa5 8. e4 e5
9. h3 Be6 10. d5 cxd5 11. cxd5 Bd7 12. Be3 Na6 13. a3 Qd8 14. Nd2 Ne8 15. f4
exf4 16. gxf4 f5 17. Nf3 fxe4 18. Ng5 Rc8 19. Ne6 Bxe6 20. dxe6 Qe7 21. Bxe4 Nc5
22. Bd5 Nc7 23. Bxc5 dxc5 24. Bxb7 Bd4+ 25. Kh2 Rb8 26. Qf3 Nxe6 27. Bd5 Rxb2+
28. Kg3 Kh8 29. Rae1 Rf6 30. Na4 Rd2 31. Qe4 Qd7 32. Bxe6 Qxa4 33. Qa8+ Kg7 34.
Qb7+ Kh6 35. Bg8 Rd3+ 36. Kg4 Rf7 37. Qxf7 Bg7 38. Re5 1-0

[Event "TCh-TUR 2011"]
[Site "Konya TUR"]
[Date "2011.07.02"]
[Round "6"]
[White "Ozen, Bahadir"]
[Black "Komut, Kaan"]
[Result "0-1"]
[WhiteElo "1751"]
[BlackElo "1917"]
[WhiteTeam "Isek Aquamatch S.K."]
[BlackTeam "Celikkol Turizm Pamukkale Universitesi S.K."]
[WhiteFideId "6337058"]
[BlackFideId "6309992"]
[EventDate "2011.06.28"]

1. d4 d5 2. c4 e6 3. Nc3 Be7 4. Nf3 Nf6 5. Bg5 c6 6. cxd5 exd5 7. e3 O-O 8. Bd3
Nbd7 9. O-O Re8 10. Qc2 Nf8 11. Rab1 g6 12. b4 Ne6 13. Bh4 Ng7 14. b5 Bf5 15.
Bxf5 Nxf5 16. Bxf6 Bxf6 17. bxc6 bxc6 18. Na4 Qc7 19. Rfc1 Rec8 20. Nc5 Nd6 21.
Nd2 Be7 22. Qa4 Rab8 23. Rxb8 Qxb8 24. Nd7 Qb7 25. Ne5 Nb5 26. Nb3 Qb6 27. h3
Bd6 28. Nd7 Qd8 29. Ndc5 Qb6 30. Qa6 Qxa6 31. Nxa6 Ba3 32. Rc2 Kf8 33. Na5 Ke7
34. Nxc6+ Kd6 35. Ncb4 Rc3 36. Rxc3 Nxc3 37. Nc2 Bc1 38. a3 Kc6 39. Nab4+ Kb5
40. Nd3 Na2 41. Nxc1 Nxc1 42. Nb4 Ka4 43. Nxd5 Kxa3 44. Nc3 Kb4 45. d5 Nd3 46.
Ne4 a5 47. f4 Nc5 48. Nd2 a4 49. Nb1 Kb3 50. Nd2+ Kc3 51. Nb1+ Kb2 52. Nd2 a3
53. Nc4+ Kb3 54. Nxa3 Kxa3 55. f5 Kb4 56. fxg6 fxg6 57. Kf2 Kc4 58. Kf3 Kxd5 59.
Kf4 Ne6+ 0-1

[Event "TCh-TUR 2011"]
[Site "Konya TUR"]
[Date "2011.07.02"]
[Round "6"]
[White "Morgul, Elcin"]
[Black "Firat, Deniz"]
[Result "1-0"]
[WhiteElo "1723"]
[BlackElo "1635"]
[WhiteTeam "Celikkol Turizm Pamukkale Universitesi S.K."]
[BlackTeam "Isek Aquamatch S.K."]
[WhiteFideId "6300251"]
[BlackFideId "6323332"]
[EventDate "2011.06.28"]

1. e4 c5 2. Nf3 d6 3. d4 cxd4 4. Nxd4 Nf6 5. Nc3 a6 6. Be3 e6 7. Be2 Be7 8. O-O
O-O 9. Qd2 Qc7 10. f4 Nbd7 11. Bf3 Rb8 12. a4 Nc5 13. b4 Ncd7 14. a5 d5 15. Rfb1
Nxe4 16. Nxe4 dxe4 17. Bxe4 Nf6 18. Bf3 Bd7 19. b5 axb5 20. Nxb5 Bxb5 21. Rxb5
Rfc8 22. Ra2 Qc4 23. Rab2 Ba3 24. R2b3 Bf8 25. Rxb7 Rxb7 26. Rxb7 Qa6 27. Rb6
Qc4 28. a6 Bc5 29. Bxc5 Qxc5+ 30. Qf2 Nd7 31. Qxc5 Rxc5 32. Rb7 1-0

[Event "TCh-TUR 2011"]
[Site "Konya TUR"]
[Date "2011.07.02"]
[Round "6"]
[White "Baglan, Esat"]
[Black "Soysal, Serkan"]
[Result "1/2-1/2"]
[WhiteElo "1807"]
[BlackElo "1795"]
[WhiteTeam "Isek Aquamatch S.K."]
[BlackTeam "Celikkol Turizm Pamukkale Universitesi S.K."]
[WhiteFideId "6309216"]
[BlackFideId "6349250"]
[EventDate "2011.06.28"]

1. e4 e6 2. d4 d5 3. Nc3 Bb4 4. e5 c5 5. a3 Bxc3+ 6. bxc3 Qc7 7. Nf3 Ne7 8. Bd3
b6 9. O-O h6 10. a4 Nbc6 11. Ba3 Na5 12. Bb5+ Kf8 13. Bd3 Bd7 14. Nh4 g5 15. Nf3
cxd4 16. cxd4 Nc4 17. Bc1 Nf5 18. g4 Ne7 19. Nd2 Na5 20. Bb2 Rg8 21. f4 gxf4 22.
Rxf4 f5 23. Kh1 Nc4 24. Bc1 Ne3 25. Qf3 Nxc2 26. gxf5 exf5 27. Rb1 Ne1 28. Qf1
Nxd3 29. Qxd3 Rc8 30. Qe2 Qc6 31. Ba3 Ke8 32. Rbf1 Qg6 33. Nf3 Qh5 34. e6 Bc6
35. Qe5 Qg6 36. Rg1 Qh7 37. Rxg8+ Qxg8 38. Bxe7 Kxe7 39. Nh4 Qxe6 40. Nxf5+ Kd7
41. Qg7+ Kd8 42. Nxh6 1/2-1/2

[Event "TCh-TUR 2011"]
[Site "Konya TUR"]
[Date "2011.07.02"]
[Round "6"]
[White "Bal, Sevgican"]
[Black "Yigit, Aleyna"]
[Result "1/2-1/2"]
[WhiteElo "1610"]
[BlackElo "1732"]
[WhiteTeam "Celikkol Turizm Pamukkale Universitesi S.K."]
[BlackTeam "Isek Aquamatch S.K."]
[WhiteFideId "6324894"]
[BlackFideId "6300235"]
[EventDate "2011.06.28"]

1. d4 d5 2. Nf3 Nf6 3. Bf4 c5 4. e3 Nc6 5. c3 Qb6 6. Qb3 c4 7. Qc2 Bf5 8. Qc1 h6
9. Nbd2 Qd8 10. Be2 e6 11. Ne5 Rc8 12. Ndf3 Nh5 13. Nxc6 bxc6 14. Bg3 Nxg3 15.
hxg3 Rb8 16. Ne5 Qb6 17. b4 cxb3 18. axb3 a5 19. g4 Bh7 20. b4 axb4 21. Ra6 Qb7
22. cxb4 Qxb4+ 23. Kf1 c5 24. dxc5 Qxc5 25. Rc6 Qxc1+ 26. Rxc1 Ba3 27. Rd1 f6
28. Nc6 Rb6 29. Nd4 Kf7 30. f4 Rc8 31. Kf2 Rc3 32. g5 fxg5 33. fxg5 Kg6 34. Bd3+
Rxd3 35. Rxd3 Be7 36. gxh6 gxh6 37. Rd2 Bg5 38. Nf3 Bf6 39. Nd4 Kg7 40. Rh3 Be4
41. Nf3 Bb1 42. Rg3+ Kf7 43. Rh3 Kg7 44. Nd4 Bg5 45. Nf3 Bf6 46. Nd4 Bg5 47. Nf3
Bf6 48. Rg3+ Kf7 49. Rh3 Kg7 50. Rg3+ Kh7 51. Rh3 Bf5 1/2-1/2

[Event "TCh-TUR 2011"]
[Site "Konya TUR"]
[Date "2011.07.02"]
[Round "6"]
[White "Inarkiev, Ernesto"]
[Black "Ibrahimov, Rasul"]
[Result "1-0"]
[WhiteTitle "GM"]
[BlackTitle "GM"]
[WhiteElo "2679"]
[BlackElo "2532"]
[WhiteTeam "Istanbul Teknik Universitesi S.K."]
[BlackTeam "Deniz Genclik S.K."]
[WhiteFideId "4162722"]
[BlackFideId "13400495"]
[EventDate "2011.06.28"]

1. e4 c5 2. Nf3 d6 3. d4 cxd4 4. Nxd4 Nf6 5. Nc3 a6 6. Be3 e5 7. Nb3 Be6 8. Qd2
Nbd7 9. f3 h5 10. O-O-O Rc8 11. Kb1 Be7 12. h3 h4 13. f4 Qc7 14. Bd3 Nb6 15.
Rhe1 Nc4 16. Bxc4 Bxc4 17. Bf2 Kf8 18. Na4 b5 19. Nb6 Rb8 20. Nd5 Bxd5 21. exd5
exf4 22. Qxf4 Rc8 23. Nd4 Kg8 24. c3 Nh5 25. Qg4 1-0